Statistics for Top 500 Marvel Villains

Click here to take the quiz!

General Stats

  • This quiz has been taken 227 times
  • The average score is 83 of 500

Answer Stats

RankCharacter Name% Correct
1Thanos
95%
3Loki Laufeyson
92%
9Green Goblin (Norman Osborn)
87%
4Magneto (Max Eisenhardt)
86%
2Doctor Doom (Victor von Doom)
83%
10Venom (Eddie Brock)
83%
16Doctor Octopus (Otto Octavius)
80%
5Red Skull (Johann Schmidt)
80%
20Sandman (Flint Marko)
80%
8Galactus (Galan)
78%
6Ultron
78%
7Kang the Conqueror (Nathaniel Richards)
77%
365Electro (Francine Frye)
76%
29Electro (Max Dillon)
76%
21Vulture (Adrian Toomes)
76%
41Kingpin (Wilson Fisk)
75%
54Carnage (Cletus Kasady)
74%
35Lizard (Curtis Connors)
74%
31Rhino (Aleksei Sytsevich)
74%
13Abomination (Emil Blonsky)
71%
204Hela
71%
27Mysterio (Quentin Beck)
71%
22M.O.D.O.K. (George Tarleton)
68%
17Mystique (Raven Darmhölme)
68%
30Kraven the Hunter (Sergei Kravinoff)
66%
117Killmonger (Erik Killmonger/N'Jadaka)
65%
19Mandarin (Xu Wenwu)
65%
34Whiplash (Ivan Vanko)
65%
50Ronan the Accuser
63%
132Ego the Living Planet (Egros)
62%
145Scorpio (Jake Fury)
62%
25Juggernaut (Cain Marko)
61%
12Sabertooth (Victor Creed)
60%
198Ghost
59%
253Hobgoblin (Phil Urich)
59%
55Hobgoblin (Roderick Kingsley)
59%
65Yellow Jacket (Darren Cross)
59%
76Taskmaster (Anthony Masters)
58%
15Baron Helmut Zemo
56%
56Red Hulk (Thaddeus "Thunderbolt" Ross)
56%
121Iron-Monger (Obadiah Stane)
55%
14Baron Heinrich Zemo
54%
122Malekith the Accursed
53%
115Morbius the Living Vampire (Michael Morbius)
53%
36Shocker (Herman Schultz)
53%
45Toad (Mortimer Toynbee)
52%
111Baron Mordo (Karl Mordo)
50%
39Black Cat (Felicia Hardy)
49%
28Scorpion (Mac Gargan)
49%
24Arnim Zola
48%
47Dark Phoenix (Jean Grey)
48%
42Bullseye (Lester)
47%
64Klaw (Ulysses Klaw)
47%
32Super-Skrull (Kl'rt)
47%
11Enchantress (Amora)
45%
78High-Evolutionary (Herbert Wyndham)
45%
44Blob (Frederick Dukes)
44%
113Crossbones (Brock Rumlow)
44%
313Enchantress (Sylvie Lushton)
44%
75Hydro-Man (Morrie Bench)
44%
33Leader (Samuel Sterns)
44%
46Pyro (St. John Allerdyce)
44%
37Absorbing Man (Carl "Crusher" Creel)
41%
63Viper (Ophelia Sarkissian)
41%
123Black King (Sebastian Shaw)
40%
106Grandmaster (En Dwi Gast)
40%
88Lady Deathstrike (Yuriko Oyama)
40%
57Mister Sinister (Nathaniel Essex)
40%
129Nebula
40%
188Ebony Maw
39%
81Laufey
39%
112Hammerhead (Joseph)
38%
127Prowler (Aaron Davis)
38%
126Prowler (Hobbie Brown)
38%
38Chameleon (Dmitri Smerdyakov)
37%
144Tombstone (Alonzo Lincoln)
37%
79Batroc the Leaper (Georges Batroc)
36%
108Vlad Dracula
36%
107Collector (Taneleer Tivan)
35%
143Mr. Negative (Marten Li)
35%
26Sentinels/Master Mold
35%
61Silver Samurai (Keniuchio Harada)
35%
62Silver Samurai (Shingen Harada)
35%
48Tinkerer (Phineas Mason)
35%
51Baron Wolfgang von Strucker
34%
23Crimson Dynamo (Anton Vanko)
34%
267Spot (Johnathon Ohnn)
34%
131Titania (Mary MacPherran)
34%
40Annihilus
33%
210Omega Red (Arkady Rossovich)
33%
181Aldrich Killian
32%
18Executioner (Skurge)
32%
58Maximus the Mad (Maximus Boltagon)
32%
191Proxima Midnight
32%
189Black Dwarf (Cull Obsidian)
31%
199Purple Man (Zebedah Killgrave)
31%
306Scream
31%
190Corvus Glaive
30%
139Justin Hammer
30%
110Man-Ape (M'Baku)
30%
49Mole Man (Harvey Elder)
29%
218Red Guardian (Alexi Shostakov)
29%
298Vanguard (Nikolai Krylenko)
29%
196Wizard (Bentley Wittman)
29%
109Attuma
27%
116Beyonder
27%
77Jackal (Miles Warren)
27%
141Nightmare
27%
43the Destroyer
27%
86Bulldozer (Henry Camp)
26%
69Fin Fang Foom
26%
187Kaecilius
26%
125Molten Man (Mark Raxton)
26%
83Wrecker (Dirk Garthwaite)
26%
128Mojo
25%
433Mastermind (computer)
24%
74Mastermind (Jason Wyngarde)
24%
135Silver Sable (Silvija Sablinova)
24%
229Trapster (Peter Petruski)
24%
87Whirlwind (David Cannon)
24%
89Avalanche (Dominikos Petrakis)
23%
53Beetle (Abner Jenkins)
23%
228Beetle (Janice Lincoln)
23%
67Blizzard (Donald Gill)
23%
398Jigsaw (William Russo)
23%
84Piledriver (Brian Calusky)
23%
82Radioactive Man (Chen Lu)
23%
308Riot (Trevor Cole)
23%
52Madame Masque (Whitney Frost)
22%
70Molecule Man (Owen Reece)
22%
282Typhoid Mary (Mary Walker)
22%
130Grim Reaper (Eric Williams)
21%
234Grey Gargoyle (Paul Duval)
20%
296Kurse (Algrim)
20%
68Melter (Bruno Horgan)
20%
320Steel Serpent (Davos)
20%
59Supreme-Intelligence
20%
85Thunderball (Eliot Franklin)
20%
224Thundra
20%
216Daken (Akihiro)
19%
90Diamondback (Rachel Leighton)
19%
321Diamondback (Willis Stryker)
19%
217Flag-Smasher (Karl Morgenthau)
19%
286Jack O'Lantern (Steven Levins)
19%
329Shriek (Frances Barrison)
19%
124Super-Adaptoid
19%
243Taserface
19%
221Hyperion (Mark Milton)
18%
66Living Laser (Arthur Parks)
18%
239Maestro (Bruce Banner)
18%
182Magnitron (Yon-Rogg)
18%
378Morlun
18%
294Onslaught
18%
93Constrictor (Frank Payne)
17%
236Dark Beast (Henry McCoy)
17%
315Egghead (android)
17%
119Egghead (Elihas Starr)
17%
157Michael Korvac
17%
91Moonstone (Karla Sofen)
17%
193Mr. Hyde (Calvin Zabo)
17%
73Puppet Master (Phillip Masters)
17%
379Red King (Angmo-Asan)
17%
192Supergiant
17%
160Impossible Man
16%
197Legion (David Haller)
16%
158Sauron (Karl Lykos)
16%
172Terrax the Tamer (Tyros)
16%
226Tiger Shark (Todd Arliss)
16%
200Awesome Android
15%
120Graviton (Franklin Hall)
15%
167Titanium Man (Boris Bullski)
15%
256Ultimo
15%
215Arcade
14%
171Boomerang (Frederick Myers)
14%
258Deacon Frost
14%
118Dragon Man (Draconus)
14%
184Goblin Queen (Madelyne Pryor)
14%
280Grizzly (Maxwell Markham)
14%
60Immortus (Nathaniel Richards)
14%
114Kaine Parker
14%
186Owl (Leland Owlsley)
14%
136Porcupine (Alexander Gentry)
14%
311Ragnarok
14%
414Razorfist (William Young)
14%
185Shadow King (Amahl Farouk)
14%
279Stilt-Man (Wilbur Day)
14%
173Terminatrix (Ravonna Renslayer)
14%
170Wendigo (various)
14%
235Big Wheel (Jackson Weele)
13%
96Cottonmouth (Burchell Clemens)
13%
180Korath the Pursuer (Korath-Thak)
13%
203Morgan Le Fay
13%
165Ox (Raymond Bloch)
13%
175Red Ghost (Ivan Kragoff)
13%
230Selene Gallio
13%
159Swarm (Fritz von Meyers)
13%
92Cobra (Klaus Vorhees)
12%
266Deathbird (Cal'syee Neramani)
12%
164Fancy Dan (Daniel Brito)
12%
80Gambit (Remy LeBeu)
12%
202Gladiator (Kallark)
12%
334Gladiator (Melvin Potter)
12%
71Mad Thinker
12%
142Silvermane (Silvio Manfredi)
12%
183Spider-Slayer (Alistaire Smythe)
12%
232Tarantula (Aton Miguel Rodriquez)
12%
98Bushmaster (Quincy McIver)
11%
238Count Nefaria (Luchino Nefaria)
11%
468Death Dealer (Li Ching-Lin)
11%
161Destiny (Irene Adler)
11%
480Lash
11%
319Leapfrog (Vincent Patilio)
11%
305Lorelei
11%
168Man-Wolf (John Jonah Jameson III)
11%
169Nitro (Robert Hunter)
11%
276Omega Sentinel (Karima Shapandar)
11%
472Screwball
11%
208Spiral (Rita Wayword)
11%
220Stryfe (Nathan Summers)
11%
227Vulcan (Gabriel Summers)
11%
264Ymir
11%
353Bi-Beast
10%
358Blackout (Marcus Daniels)
10%
174Goliath (Erik Josten)
10%
260Lady Bullseye
10%
292Mesmero (Vincent)
10%
361Techno (Norbert Ebersol)
10%
327White Rabbit (Lorina Dodson)
10%
287Armadillo (Antonio Rodriguez)
9%
212Baron Blood (John Falsworth)
9%
359Magus
9%
356Man-Bull (William Taurens)
9%
304Rose (Richard Fisk)
9%
357Scarecrow (Ebenezer Laughton)
9%
134Unicorn (Milos Masaryk)
9%
288Vermin (Edward Whelan)
9%
166Zzzax
9%
4278-Ball (Jeff Hagees)
8%
246Arclight (Philippa Sontag)
8%
211Black Ant (Eric O'Grady)
8%
257Blastaar
8%
240Crossfire (William Cross)
8%
205Fenris
8%
291Kangaroo (Brian Hibbs)
8%
301Kro
8%
222Night Hawk (Neal Richmond)
8%
214Ringmaster (Maynard Tiboldt)
8%
418Spider-Woman (Charlotte Witter)
8%
272Talos
8%
213Ulik
8%
138Vanisher
8%
401Will o' the Wisp (Jackson Arvad)
8%
271X-Ray (James Darnell)
8%
94Anaconda (Blanche Sitznski)
7%
146Aries (Marcus Lassiter)
7%
99Asp (Cleopatra Nefertiti)
7%
95Black Mamba (Tanya Sealy)
7%
338Chemistro (Curtis Carr)
7%
219Jester (Jonathan Powers)
7%
163Montana (Jackson Brice)
7%
473Presence (Sergei Krylov)
7%
293Scientist Supreme (various)
7%
241the Maker (Reed Richards)
7%
156Virgo (Elaine McLaughlin)
7%
179White King (Donald Pierce)
7%
362White Wolf (Hunter)
7%
360Black Mariah (Mariah Dillard)
6%
262Cardiac (Elias Wirtham)
6%
284Carrion (Malcolm McBride)
6%
352Controller (Basil Sandhurst)
6%
100Death Adder (Roland Borroughs)
6%
270Ironclad (Michael Steel)
6%
333Lady Octopus (Carolyn Trainer)
6%
147Leo (Daniel Radford)
6%
259Mimic (Calvin Rankin)
6%
318Monica Rappaccini
6%
133Psycho-Man
6%
265Screaming Mimi (Melissa Gold)
6%
397Vincent Stegron
6%
162Big Man (Frederick Foswell)
5%
388Black Tarantula (Carlos LaMuerto)
5%
457Bushwacker (Carl Burbank)
5%
153Cancer (Jack Kleveno)
5%
155Capricorn (Willard Weir)
5%
263Cyber (Silas Burr)
5%
337Cyclone (Pierre Fresson)
5%
207Darkstar (Laynia Petrovna)
5%
140Detroit Steel (Doug Johnson III)
5%
429Eel (Edward Lavell)
5%
395Frog-Man (Francois Le Blanc)
5%
290Gibbon (Martin Blank)
5%
206Griffin (John Horton)
5%
285Human Fly (Richard Deacon)
5%
242Lady Mastermind (Regan Wyngarde)
5%
195Living Brain
5%
283Looter (Norton Fester)
5%
233Mandrill (Jerome Beechman)
5%
209Mordred the Evil
5%
244Plantman (Samuel Smithers)
5%
297Rocket Racer (Robert Farrell)
5%
332Scorpia (Elaine Coll)
5%
417Squid (Donald Callahan)
5%
273Trickshot (Barney Barton)
5%
137Unus the Untouchable (Gunther Bain)
5%
269Vapor (Ann Darnell)
5%
268Vector (Simon Utrecht)
5%
247Vertigo
5%
277Crime-Master (Nick Lewis, Sr.)
4%
421Doctor Bong (Lester Verde)
4%
289Doppelganger
4%
389Dreadknight (Bram Velsing)
4%
152Gemini (Joshua Link)
4%
72Giganto
4%
248Harpoon (Kodiak Noatak)
4%
148Libra (Gustav Brandt)
4%
406Midnight (Jeffrey Wilde)
4%
415Midnight (M'Nai)
4%
251Nightshade (Tilda Johnson)
4%
469Orka
4%
303Princess Python (Zelda DuBois)
4%
281Puma (Thomas Fireheart)
4%
454Random (Marshall Stone III)
4%
97Rattler (Gustav Krueger)
4%
399Raul Bushman
4%
335Robot Master (Mendel Stromm)
4%
237Romulus
4%
245Scalphunter (John Greycrow)
4%
432Slug (Ulysses Lugman)
4%
255Spymaster (Ted Calloway)
4%
149Taurus (Cornelius van Lunt)
4%
437Xemnu
4%
150Aquarius (Darren Bentley)
3%
194Arkon
3%
455Barracuda
3%
462Blood Brothers (Gh'Ree & R'Hos Blood)
3%
102Copperhead (Davis Lawfers)
3%
483Diamondhead (Archibald Dyker)
3%
300Druig
3%
354Ezekiel Stane
3%
494Fera
3%
366Firebrand (Gary Gilbert)
3%
495Hypno-Hustler (Antoine Delsoin)
3%
178Igor
3%
420Inventor
3%
278Krakoa
3%
343Krang
3%
330Living Monolith (Ahmet Abdol)
3%
295Man-Mountain Marko (Michael Marko)
3%
347Overdrive (James Beverley)
3%
151Pisces (Dimitri Kantov)
3%
101Puff Adder (Gordon Fraley)
3%
249Riptide (Janos Quested)
3%
154Sagittarius (Harlan Vargas)
3%
252Scourge of the Underworld (various)
3%
475Silver Fox
3%
325Sphinx (Anath-Na Mut)
3%
351Spider-Queen (Adriana Soria)
3%
201Stranger
3%
456the Russian
3%
307Titus
3%
382Videoman
3%
314Big Zero (Amity Hunter)
2%
393Bird-Man (Henry Hawk)
2%
496Bison (Billy Kitson)
2%
436Black Talon (Samuel Barone)
2%
324Brothers Grimm (Percy & Barton Grimes)
2%
394Cat-Man (Townshend Horgan)
2%
453Catseye (Sharon Smith)
2%
416Chance (Nicholas Powell)
2%
349Changeling (Kevin Sydney)
2%
450Cockroach Hamilton (Dontrell Hamilton)
2%
465Coldheart (Kateri Deseronto)
2%
489Condor
2%
275Danger
2%
449Digger
2%
467Discord (Josh Richardson)
2%
396Dragonfly (Veronica Dultry)
2%
435Foolkiller (Gregory Salinger)
2%
316Goom
2%
368Gorilla-Man (Arthur Nagan)
2%
426Gremlin (Kondrati Topolov)
2%
485Hippo (Mrs. Fluffy Lumpkins)
2%
231Kamran
2%
302Karnilla
2%
458Lightmaster (Edward Lansky)
2%
425Living Eraser (Cutza)
2%
481Mad Cap
2%
380Mad Dog (Robert Baxter)
2%
372Maelstrom
2%
364Mammomax (Maximus Jensen)
2%
492Man-Elephant (Manfred Haller)
2%
423Man-Killer (Katrina van Horn)
2%
254Master of the World (Eshu)
2%
461Midnight Man (Anton Mogart)
2%
434Mongoose
2%
317Moses Magnum
2%
355Nuke (Frank Simpson)
2%
422Orrgo
2%
363Paibok the Power Skrull
2%
225Paladin
2%
177Peotor
2%
470Piranha
2%
424Piranha Jones (Raymond Jones)
2%
250Prism (Robbie)
2%
326Regent (Augustus Roman)
2%
476Ringer (Antony Davis)
2%
103Rock Python (M'Gula)
2%
369Ruby Thursday (Thursday Rubinstein)
2%
438Shathra
2%
105Sidewinder (Seth Voelker)
2%
471Slyde (Jalome Beacher)
2%
371Stardust (Lambda-Zero)
2%
430Stunner (Angelina Brancale)
2%
322Sublime (John Sublime)
2%
274Superia (Deidre Wentworth)
2%
385Technovore
2%
373Temujin
2%
336Unuscione (Carmella Unuscione)
2%
405Vibro (Alton Vibrereaux)
2%
391Volcana (Marsha Rosenberg)
2%
331Walrus (Hubert Carpenter)
2%
345Warrior Woman (Julia König)
2%
311Yokai (Robert Callaghan)
2%
377Zaladane
2%
383Zarrko the Tomorrow Man (Artur Zarrko)
2%
392Ape-Man (Gorgon Keefer)
1%
339Boogy-Man (Douglas Carmody)
1%
367Chondu the Mystic (Harvey Schlemerman)
1%
104Coachwhip (Beatrix Keener)
1%
381Collective Man (Han, Chang, Lin, Sun, & Ho Tao-Yu)
1%
400Corruptor (Jackson Day)
1%
428Dansen Macabre
1%
309Equinox (Terrance Sorenson)
1%
323Fantasma
1%
466Flying Tiger
1%
376Garokk the Petrified Man
1%
451Gideon Mace
1%
387Goldbug (Matthew Gilden)
1%
499Growing Man
1%
497Hardball (Roger Brokeridge)
1%
498Hijinx
1%
500Kaboom
1%
444Kariooq the Corruptor
1%
446Kolomaq the Beast of the Snows
1%
342Llyra Morris
1%
350Machinesmith (Samuel Saxon)
1%
312Mad Jim Jaspers (James Jaspers)
1%
348Mad Man (Philip Sterns)
1%
261Man-Beast
1%
344Master Man (Wilhelm Lohmer)
1%
308Maximillian Zaran
1%
439Megataur
1%
386Mentello (Marvin Flumm)
1%
403Mercy (Abigail Wright)
1%
176Miklho
1%
299Monarch (Jamie Braddock)
1%
310Nekra Sinclair
1%
477Oddball (Elton Healey)
1%
474Poundcake (Marian Pouncy)
1%
482Powderkeg (Frank Skorina)
1%
328Proctor (Dane Whitman)
1%
310Queen Maraud
1%
431Quicksand (Nguyet)
1%
443Ranaq
1%
452Roulette (Jennifer Stavros)
1%
486Salamandra
1%
309Sat-Yr-9 (Opul Lun Sat-Yr-Nin)
1%
375Scarlet Beetle
1%
493Scythe
1%
370Shrunken Bones (Jerold Morgan)
1%
490Slither (Aaron Salomon)
1%
441Somon the Artificer
1%
479Stormranger
1%
413Suvik Senyaka
1%
442Tanaraq the Conqueror of Beasts
1%
447Tolomaq the Fire Beast
1%
440Tricephalous
1%
463Tri-Sentinel
1%
445Tundra the Land Beast
1%
491Turner D. Century (Clifford Michaels)
1%
346U-Man (Meranno)
1%
412Vindaloo (Venkat Katragadda)
1%
307White Dragon
1%
341Yandroth
1%
384Hijacker (Howard Mitchell)
0%
374Humbug (Buchanan Mitty)
0%
478Kraglin
0%
484Lineage (Gordon Nobili)
0%
419Lockdown (Becky St. Jude)
0%
404Mercurio the 4-D Man
0%
460Nuclear Man (Mahkizmo)
0%
390Piecemeal
0%
487Pilai
0%
488Plunderer (Parnival Plunder)
0%
223Sentry-459
0%
448Skein (Sybil Dvorak)
0%
464Tatterdemalion (Arnold Paffenroth)
0%
459the Unspoken
0%
340Voice (Jason Cragg)
0%
402Whiteout
0%

Score Distribution

Percentile by Number Answered

Percent of People with Each Score

Your Score History

You have not taken this quiz